[Event "Mittelrhein Verbandsliga-W 15/16"]
[Site "Nordrheinwestfalen"]
[Date "2016.03.13"]
[Round "9.7"]
[White "Bauchmueller, Franz Josef"]
[Black "Gillessen, Horst"]
[Result "0-1"]
[WhiteElo "1625"]
[BlackElo "1844"]
[PlyCount "70"]
[EventDate "2015.09.06"]
[EventType "team-tourn"]
[EventRounds "11"]
[EventCountry "GER"]
[SourceTitle "EXT 2022"]
[Source "ChessBase"]
[SourceDate "2021.10.06"]
[SourceVersion "1"]
[SourceVersionDate "2021.10.06"]
[SourceQuality "1"]
[WhiteTeam "Dueren Derichsweiler"]
[BlackTeam "Herzogenrath"]
[WhiteTeamCountry "GER"]
[BlackTeamCountry "GER"]

1. e4 c5 2. Nc3 d6 3. f4 e5 4. Nf3 Nc6 5. Bb5 exf4 6. Bxc6+ bxc6 7. d4 Ba6 8. dxc5 dxc5 9. Qxd8+ Rxd8 10. Bxf4 Ne7 11. Rd1 Rxd1+ 12. Kxd1 Bb7 13. Bd6 Nd5 14. exd5 Bxd6 15. Re1+ Kd7 16. dxc6+ Bxc6 17. Ne4 Re8 18. Nxd6 Rxe1+ 19. Nxe1 Kxd6 20. g3 Be4 21. Kd2 f5 22. c3 a5 23. Ke3 g5 24. a3 a4 25. g4 Ke5 26. gxf5 Kxf5 27. b4 axb3 28. Nd3 Bxd3 29. Kxd3 c4+ 30. Kd2 Ke5 31. h3 Kd5 32. Kc1 Kc5 33. a4 Kb6 34. Kb2 Ka5 35. Ka3 h5 0-1